[Event "BIH-chT 21st"]
[Site "Sarajevo"]
[Date "2023.11.06"]
[Round "7.5"]
[White "Culum, Sanjin"]
[Black "Mrndjic, Muamer"]
[Result "0-1"]
[WhiteElo "2369"]
[BlackElo "2207"]
[PlyCount "108"]
[EventDate "2023.10.31"]
[EventType "team-tourn"]
[EventRounds "9"]
[EventCountry "BIH"]
[SourceTitle "Mega2024 Update 01"]
[Source "Chessbase"]
[SourceDate "2023.11.12"]
[SourceVersion "1"]
[SourceVersionDate "2023.11.12"]
[SourceQuality "1"]
[WhiteTeam "Cazin"]
[BlackTeam "Konjic Igman"]
[WhiteTeamCountry "BIH"]
[BlackTeamCountry "BIH"]

1. e4 e5 2. Nf3 Nc6 3. Bc4 Nf6 4. d3 Bc5 5. c3 d6 6. 0-0 a6 7. a4 Ba7 8. Re1 0-0 9. h3 h6 10. Nbd2 Ne7 11. Nf1 Ng6 12. Ng3 Be6 13. Bxe6 fxe6 14. d4 exd4 15. cxd4 c6 16. Qc2 Qe8 17. Be3 Qf7 18. b4 Rac8 19. Qb2 Bb8 20. Rac1 d5 21. e5 Nd7 22. Qb3 Nf4 23. Bxf4 Qxf4 24. a5 Ba7 25. Qd3 Qf7 26. Rf1 Qe7 27. Qg6 Rxf3 28. gxf3 Bxd4 29. f4 Rf8 30. Ne2 Ba7 31. Kh2 Rf7 32. Rb1 Nf8 33. Qg3 Rf5 34. Nc1 Qf7 35. Nd3 Ng6 36. Nc5 Nxf4 37. Rb3 Bb8 38. Kh1 Bxe5 39. Qh4 Rh5 40. Qg4 Rg5 41. Qf3 Rf5 42. Qg4 Bd6 43. Rg1 Nh5 44. f3 Kh7 45. Rg2 Nf4 46. Rf2 Rg5 47. Qh4 Qg6 48. Nxb7 Rg1+ 49. Kh2 Ng2+ 50. Kxg1 Nxh4+ 51. Kf1 Bg3 52. Re2 Qf5 53. Nc5 Nxf3 54. Kg2 Nd4 0-1

[Event "Travnik op"]
[Site "Travnik"]
[Date "2023.07.27"]
[Round "1"]
[White "Kekic, Naid"]
[Black "Mrndjic, Muamer"]
[Result "0-1"]
[WhiteElo "1670"]
[BlackElo "2185"]
[PlyCount "78"]
[EventDate "2023.07.27"]
[EventType "swiss"]
[EventRounds "7"]
[EventCountry "BIH"]
[SourceTitle "EXT 2024"]
[Source "ChessBase"]
[SourceDate "2023.10.10"]
[SourceVersion "1"]
[SourceVersionDate "2023.10.10"]
[SourceQuality "1"]

1. c4 c5 2. Nc3 g6 3. Nf3 Bg7 4. g3 Nc6 5. Bg2 d6 6. 0-0 Nh6 7. d3 0-0 8. Bd2 Nf5 9. Rb1 Rb8 10. a3 b6 11. b4 Bb7 12. e3 e6 13. Qb3 Qd7 14. Rfd1 Rfd8 15. e4 Ncd4 16. Nxd4 Nxd4 17. Qa2 Rf8 18. Be3 f5 19. Bxd4 cxd4 20. Ne2 fxe4 21. dxe4 e5 22. Nc1 Qf7 23. Nd3 b5 24. Rbc1 Rbc8 25. Bh3 Rxc4 26. Qe2 Bc8 27. Bg2 Bh6 28. f4 Be6 29. Rf1 Qc7 30. Qd2 Rc8 31. Qa2 Qe7 32. Qb2 Rc3 33. Rxc3 Rxc3 34. Ne1 Qc7 35. f5 Bc4 36. Rf3 Rc1 37. Qf2 Be3 38. Rxe3 dxe3 39. Qxe3 Qb6 0-1

[Event "Konjic op 12th"]
[Site "Konjic"]
[Date "2023.03.04"]
[Round "6"]
[White "Mrndjic, Muamer"]
[Black "Kosta, Kelvin"]
[Result "1/2-1/2"]
[WhiteElo "2226"]
[BlackElo "1950"]
[PlyCount "75"]
[EventDate "2023.03.01"]
[EventType "swiss"]
[EventRounds "7"]
[EventCountry "BIH"]
[SourceTitle "CBM 213 Extra"]
[Source "ChessBase"]
[SourceDate "2023.05.31"]
[SourceVersion "1"]
[SourceVersionDate "2023.05.31"]
[SourceQuality "1"]

1. d4 Nf6 2. c4 e6 3. Nf3 b6 4. g3 Bb7 5. Bg2 d5 6. 0-0 Be7 7. Ne5 0-0 8. Nc3 Nbd7 9. Qa4 Nxe5 10. dxe5 Ne4 11. Nxe4 dxe4 12. Rd1 Qe8 13. Qc2 Qc6 14. Rd4 Qc5 15. Be3 Qxe5 16. Bxe4 Bxe4 17. Qxe4 Qxe4 18. Rxe4 c5 19. Bf4 Rfd8 20. a4 a5 21. Re3 Bd6 22. Bxd6 Rxd6 23. Rb3 Rc8 24. Rc1 Kf8 25. Rcc3 Rcc6 26. Rd3 Ke7 27. Kg2 Rd4 28. Rbc3 Rcd6 29. Kf3 e5 30. Rxd4 exd4 31. Rd3 Rf6+ 32. Kg2 Ke6 33. e3 Ke5 34. exd4+ Ke4 35. Re3+ Kxd4 36. b3 Re6 37. Rf3 Rf6 38. Re3 1/2-1/2

[Event "Konjic op 12th"]
[Site "Konjic"]
[Date "2023.03.03"]
[Round "4"]
[White "Mrndjic, Muamer"]
[Black "Mulic, Sulejman"]
[Result "1-0"]
[WhiteElo "2226"]
[BlackElo "1798"]
[PlyCount "103"]
[EventDate "2023.03.01"]
[EventType "swiss"]
[EventRounds "7"]
[EventCountry "BIH"]
[SourceTitle "CBM 213 Extra"]
[Source "ChessBase"]
[SourceDate "2023.05.31"]
[SourceVersion "1"]
[SourceVersionDate "2023.05.31"]
[SourceQuality "1"]

1. d4 Nf6 2. c4 d5 3. cxd5 Qxd5 4. Nc3 Qa5 5. Nf3 Bf5 6. Qb3 Qb6 7. Qa4+ Bd7 8. Qd1 e6 9. e3 a5 10. Be2 Be7 11. 0-0 0-0 12. Ne5 c6 13. Qc2 Nd5 14. a3 f6 15. Nd3 Na6 16. Na4 Qa7 17. e4 Ndc7 18. Be3 b6 19. Rfd1 Rac8 20. Qb3 b5 21. Nac5 Nxc5 22. Nxc5 Bxc5 23. dxc5 Rf7 24. Bg4 Kf8 25. Rd6 Re7 26. Rad1 Ne8 27. Qd3 Rc7 28. Qb3 Kf7 29. f4 a4 30. Qd3 g6 31. Bf2 Qb7 32. Qh3 h5 33. Bf3 Qc8 34. e5 Rb7 35. g4 Nxd6 36. cxd6 Re8 37. gxh5 Rh8 38. Kh1 c5 39. Qg2 Rxh5 40. Bxb7 Qh8 41. Be4 Qh6 42. Rg1 f5 43. Bf3 Rh3 44. Bg3 Qh8 45. Qf2 Qc8 46. Rc1 c4 47. Qa7 g5 48. fxg5 f4 49. Bb7 Qh8 50. Bxf4 Qh4 51. Bg2 Qxf4 52. Rf1 1-0

[Event "Tuzla op 16th"]
[Site "Tuzla"]
[Date "2022.11.25"]
[Round "2"]
[White "Mrndjic, Muamer"]
[Black "Jovovic, Milan"]
[Result "1-0"]
[WhiteElo "2204"]
[BlackElo "2022"]
[PlyCount "79"]
[EventDate "2022.11.24"]
[EventType "swiss"]
[EventRounds "7"]
[EventCountry "BIH"]
[SourceTitle "CBM 211 Extra"]
[Source "ChessBase"]
[SourceDate "2023.01.31"]
[SourceVersion "1"]
[SourceVersionDate "2023.01.31"]
[SourceQuality "1"]

1. e4 c5 2. Nf3 d6 3. d4 cxd4 4. Nxd4 Nf6 5. Nc3 a6 6. Bg5 e6 7. f4 Be7 8. Qf3 Qc7 9. 0-0-0 Nbd7 10. g4 b5 11. a3 Bb7 12. h4 Rc8 13. Kb1 Nb6 14. Bxf6 Bxf6 15. g5 Bxd4 16. Rxd4 d5 17. Bd3 Qc5 18. Qe3 0-0 19. Re1 Nc4 20. Bxc4 dxc4 21. h5 a5 22. h6 g6 23. Rd7 Qxe3 24. Rxe3 Bc6 25. Ra7 Ra8 26. Rxa8 Rxa8 27. Ne2 Rd8 28. Kc1 b4 29. axb4 axb4 30. c3 Rb8 31. Nd4 Bd7 32. cxb4 Rxb4 33. Ra3 Kf8 34. Ra7 Be8 35. Kc2 Ra4 36. Rxa4 Bxa4+ 37. Kc3 Ke7 38. e5 Kd7 39. Kxc4 Kc7 40. Kc5 1-0

[Event "BIH-chT 20th"]
[Site "Neum"]
[Date "2022.09.17"]
[Round "8.1"]
[White "Avdic, Mirza"]
[Black "Mrndjic, Muamer"]
[Result "1-0"]
[WhiteElo "2016"]
[BlackElo "2234"]
[PlyCount "69"]
[EventDate "2022.09.10"]
[EventType "team-tourn"]
[EventRounds "9"]
[EventCountry "BIH"]
[SourceTitle "CBM 210 Extra"]
[Source "ChessBase"]
[SourceDate "2022.11.30"]
[SourceVersion "1"]
[SourceVersionDate "2022.11.30"]
[SourceQuality "1"]
[WhiteTeam "Busovaca Hrasno"]
[BlackTeam "Konjic Igman"]
[WhiteTeamCountry "BIH"]
[BlackTeamCountry "BIH"]

1. e4 c5 2. Nf3 d6 3. d4 cxd4 4. Nxd4 Nf6 5. Nc3 g6 6. f4 Nc6 7. Be3 Bg7 8. Nb3 0-0 9. Be2 a5 10. a4 Nb4 11. Bf3 e6 12. Nb5 d5 13. e5 Nd7 14. c3 Nc6 15. 0-0 f6 16. exf6 Bxf6 17. Qe2 Nb6 18. Kh1 Nc4 19. Bc5 Be7 20. Bxe7 Qxe7 21. g3 Re8 22. Rfe1 Qd8 23. Rad1 Kf8 24. Qf2 b6 25. Nc1 Rb8 26. Nd3 Ba6 27. b3 Nd6 28. c4 Bxb5 29. axb5 Ne7 30. Rxe6 dxc4 31. Ne5 Nec8 32. Nc6 Qc7 33. Rxe8+ Nxe8 34. Qd4 Ng7 35. Qf6+ 1-0

[Event "BIH-chT 20th"]
[Site "Neum"]
[Date "2022.09.14"]
[Round "5.2"]
[White "Mrndjic, Muamer"]
[Black "Galic, Zeljko"]
[Result "1-0"]
[WhiteElo "2234"]
[BlackElo "2280"]
[PlyCount "89"]
[EventDate "2022.09.10"]
[EventType "team-tourn"]
[EventRounds "9"]
[EventCountry "BIH"]
[SourceTitle "CBM 210 Extra"]
[Source "ChessBase"]
[SourceDate "2022.11.30"]
[SourceVersion "1"]
[SourceVersionDate "2022.11.30"]
[SourceQuality "1"]
[WhiteTeam "Konjic Igman"]
[BlackTeam "Sarajevo Napredak"]
[WhiteTeamCountry "BIH"]
[BlackTeamCountry "BIH"]

1. d4 Nf6 2. c4 c5 3. d5 b5 4. cxb5 a6 5. bxa6 Bxa6 6. Nc3 g6 7. e4 Bxf1 8. Kxf1 d6 9. g3 Bg7 10. Kg2 0-0 11. Nf3 Nbd7 12. h3 Ra6 13. Re1 Qa8 14. Qc2 Rb8 15. Re2 Nb6 16. Rb1 Nfd7 17. Bg5 Kf8 18. Bf4 Nc4 19. Qc1 Kg8 20. Bh6 Bh8 21. a4 Nce5 22. Nxe5 Nxe5 23. b3 Rb4 24. Nb5 f5 25. Nc7 Qb7 26. Nxa6 Qxa6 27. Qc2 Qb7 28. Bd2 Rxe4 29. Rxe4 Qxd5 30. f3 fxe4 31. fxe4 Qc6 32. Bc3 d5 33. Bxe5 Bxe5 34. exd5 Qxd5+ 35. Kh2 Kg7 36. Re1 Bd6 37. Qc3+ Kh6 38. Qe3+ Kg7 39. Rf1 h5 40. Qf3 Qg8 41. Kg2 h4 42. gxh4 Be5 43. a5 Bf6 44. a6 Qb8 45. Rf2 1-0

[Event "BIH-chT 29th"]
[Site "Bihac"]
[Date "2022.08.25"]
[Round "4.3"]
[White "Mrndjic, Muamer"]
[Black "Cunjalo, Faris"]
[Result "1/2-1/2"]
[WhiteElo "2250"]
[BlackElo "2179"]
[PlyCount "62"]
[EventDate "2022.08.23"]
[EventType "tourn"]
[EventRounds "9"]
[EventCountry "BIH"]
[SourceTitle "CBM 210 Extra"]
[Source "ChessBase"]
[SourceDate "2022.11.30"]
[SourceVersion "1"]
[SourceVersionDate "2022.11.30"]
[SourceQuality "1"]

1. d4 d5 2. Nf3 Nf6 3. c4 c6 4. Qc2 g6 5. g3 Bg7 6. Bg2 0-0 7. 0-0 Bf5 8. Qb3 Qb6 9. c5 Qxb3 10. axb3 Nbd7 11. b4 Rfe8 12. Nc3 a6 13. Nh4 Bc2 14. f4 Ne4 15. Be3 Ndf6 16. Bh3 e6 17. Nf3 Nxc3 18. bxc3 Bf5 19. Bg2 Be4 20. h3 h5 21. Nd2 Bxg2 22. Kxg2 Nd7 23. Bf2 f5 24. g4 hxg4 25. hxg4 Nf6 26. g5 Ne4 27. Nxe4 fxe4 28. Rh1 Kf7 29. e3 Rh8 30. Rxh8 Rxh8 31. Be1 Rc8 1/2-1/2

[Event "BIH-chT 29th"]
[Site "Bihac"]
[Date "2022.08.24"]
[Round "3.3"]
[White "Zenelaj, Samuel"]
[Black "Mrndjic, Muamer"]
[Result "1-0"]
[WhiteElo "2289"]
[BlackElo "2250"]
[PlyCount "67"]
[EventDate "2022.08.23"]
[EventType "tourn"]
[EventRounds "9"]
[EventCountry "BIH"]
[SourceTitle "CBM 210 Extra"]
[Source "ChessBase"]
[SourceDate "2022.11.30"]
[SourceVersion "1"]
[SourceVersionDate "2022.11.30"]
[SourceQuality "1"]

1. e4 e5 2. Nf3 Nc6 3. Bb5 Nf6 4. 0-0 d6 5. d3 Be7 6. c4 0-0 7. Nc3 Bg4 8. Be3 Nd4 9. Bxd4 exd4 10. Ne2 a6 11. Ba4 Bxf3 12. gxf3 c5 13. Ng3 h5 14. f4 g6 15. Qf3 h4 16. Ne2 Rb8 17. Kh1 Kg7 18. Rg1 Rh8 19. f5 Rh6 20. fxg6 fxg6 21. Nf4 Qc8 22. Qg2 Kh7 23. Nxg6 Qe6 24. f4 Nxe4 25. dxe4 Qxg6 26. Qf3 Qh5 27. Rg4 Rg8 28. Bd7 Rxg4 29. Bxg4 Qf7 30. b3 Kh8 31. Re1 Bf8 32. e5 dxe5 33. Rxe5 Bd6 34. Bh5 1-0

[Event "Sarajevo Galijatovic Memorial 8th"]
[Site "Sarajevo"]
[Date "2022.03.12"]
[Round "2"]
[White "Mrndjic, Muamer"]
[Black "Kurtcehajic, Suad"]
[Result "1-0"]
[WhiteElo "2274"]
[BlackElo "1968"]
[PlyCount "75"]
[EventDate "2022.03.12"]
[EventType "tourn"]
[EventRounds "9"]
[EventCountry "BIH"]
[SourceTitle "CBM 207 Extra"]
[Source "ChessBase"]
[SourceDate "2022.05.31"]
[SourceVersion "1"]
[SourceVersionDate "2022.05.31"]
[SourceQuality "1"]

1. d4 d5 2. c4 e6 3. Nc3 Nf6 4. Nf3 c6 5. e3 Nbd7 6. Bd3 Be7 7. 0-0 0-0 8. b3 b6 9. Bb2 Bb7 10. Qe2 c5 11. Rfd1 Qb8 12. Ne5 Nxe5 13. dxe5 Nd7 14. f4 Rd8 15. Rd2 dxc4 16. bxc4 f6 17. Rad1 Nf8 18. Ne4 f5 19. Nd6 Bxd6 20. exd6 Qxd6 21. Be4 Qe7 22. Rxd8 Bxe4 23. Rxa8 Bxa8 24. Qd3 Qb7 25. Rd2 h6 26. Qd6 Qf7 27. Qb8 Be4 28. Rd8 Bb7 29. Rxf8+ Qxf8 30. Qxb7 Qf7 31. Qxf7+ Kxf7 32. Be5 a6 33. a4 Ke7 34. Bc7 b5 35. cxb5 axb5 36. axb5 c4 37. Be5 g5 38. b6 1-0

[Event "Sarajevo Agentlocator Cup op 2nd"]
[Site "Sarajevo"]
[Date "2021.12.25"]
[Round "2"]
[White "Mrndjic, Muamer"]
[Black "Kurtcehajic, Suad"]
[Result "1-0"]
[WhiteElo "2274"]
[BlackElo "1978"]
[PlyCount "59"]
[EventDate "2021.12.23"]
[EventType "tourn"]
[EventRounds "9"]
[EventCountry "BIH"]
[SourceTitle "CBM 206 Extra"]
[Source "ChessBase"]
[SourceDate "2022.03.31"]
[SourceVersion "1"]
[SourceVersionDate "2022.03.31"]
[SourceQuality "1"]

1. e4 c6 2. d4 d5 3. Nd2 dxe4 4. Nxe4 Nd7 5. Ng5 Ngf6 6. Bc4 e6 7. Qe2 Nb6 8. Bb3 Be7 9. N1f3 h6 10. Ne4 0-0 11. 0-0 Nbd5 12. Ng3 Bd6 13. Ne5 Qc7 14. c4 Ne7 15. Bf4 Nd7 16. Rfe1 Bxe5 17. dxe5 Ng6 18. Nh5 Nxf4 19. Nxf4 b6 20. Bc2 Rd8 21. Nh5 Kh8 22. Qg4 Rg8 23. Qe4 f5 24. exf6 Nxf6 25. Qg6 Rf8 26. Nxf6 gxf6 27. Qxh6+ Kg8 28. Re3 Rf7 29. Rg3+ Rg7 30. Qh7+ 1-0

[Event "BIH-chT1A 28th"]
[Site "Mostar"]
[Date "2021.08.07"]
[Round "2.3"]
[White "Mrndjic, Muamer"]
[Black "Mesic, Merim"]
[Result "1-0"]
[WhiteElo "2257"]
[BlackElo "1773"]
[PlyCount "63"]
[EventDate "2021.08.06"]
[EventType "team-tourn"]
[EventRounds "9"]
[EventCountry "BIH"]
[SourceTitle "CBM 203 Extra"]
[Source "ChessBase"]
[SourceDate "2021.09.30"]
[SourceVersion "1"]
[SourceVersionDate "2021.09.30"]
[SourceQuality "1"]
[WhiteTeam "Konjic Igman"]
[BlackTeam "Gracanica"]
[WhiteTeamCountry "BIH"]
[BlackTeamCountry "BIH"]

1. d4 Nf6 2. c4 e6 3. Nf3 d5 4. Nc3 Be7 5. g3 0-0 6. Bg2 c6 7. b3 Bb4 8. Bd2 Bxc3 9. Bxc3 Re8 10. 0-0 Nbd7 11. Qc2 Nf8 12. Nd2 Ng6 13. e4 dxe4 14. Nxe4 Nxe4 15. Bxe4 f5 16. Bg2 Qc7 17. f4 Bd7 18. Rfe1 Rac8 19. Rad1 b5 20. Qd2 Nf8 21. Re5 Ng6 22. Re3 h6 23. Bf3 Kh7 24. Rde1 a6 25. h4 Nf8 26. Bh5 g6 27. Bf3 Re7 28. d5 Qd6 29. Qd4 Kg8 30. c5 Qb8 31. Qh8+ Kf7 32. d6 1-0

[Event "Konjic 10th"]
[Site "Konjic"]
[Date "2021.03.02"]
[Round "7"]
[White "Runic, Zoran"]
[Black "Mrndjic, Muamer"]
[Result "0-1"]
[WhiteElo "2378"]
[BlackElo "2257"]
[PlyCount "76"]
[EventDate "2021.02.26"]
[EventType "tourn"]
[EventRounds "9"]
[EventCountry "BIH"]
[EventCategory "3"]
[SourceTitle "CBM 201 Extra"]
[Source "ChessBase"]
[SourceDate "2021.05.31"]
[SourceVersion "1"]
[SourceVersionDate "2021.05.31"]
[SourceQuality "1"]

1. e4 c5 2. Nf3 Nc6 3. d4 cxd4 4. Nxd4 g6 5. Nc3 Bg7 6. Be3 Nf6 7. Bc4 0-0 8. Bb3 d6 9. h3 Bd7 10. 0-0 Nxd4 11. Bxd4 Bc6 12. Qd3 Nd7 13. Bxg7 Kxg7 14. Nd5 a5 15. a4 Nc5 16. Qc3+ Kg8 17. f3 Rc8 18. Qe3 Bxd5 19. Bxd5 Qb6 20. Qf2 Qxb2 21. Rab1 Qa3 22. Bxb7 Nxb7 23. Rxb7 Qxa4 24. Rxe7 Rxc2 25. Qb6 Qa2 26. Rf2 Rxf2 27. Qxf2 Qxf2+ 28. Kxf2 Ra8 29. Rd7 a4 30. Rxd6 a3 31. Rd1 a2 32. Ra1 Kf8 33. Ke3 Ke7 34. Kd4 g5 35. g3 Ke6 36. f4 f6 37. Ke3 gxf4+ 38. gxf4 f5 0-1

[Event "Konjic 10th"]
[Site "Konjic"]
[Date "2021.02.27"]
[Round "3"]
[White "Mrndjic, Muamer"]
[Black "Zenelaj, Samuel"]
[Result "0-1"]
[WhiteElo "2257"]
[BlackElo "2208"]
[PlyCount "110"]
[EventDate "2021.02.26"]
[EventType "tourn"]
[EventRounds "9"]
[EventCountry "BIH"]
[EventCategory "3"]
[SourceTitle "CBM 201 Extra"]
[Source "ChessBase"]
[SourceDate "2021.05.31"]
[SourceVersion "1"]
[SourceVersionDate "2021.05.31"]
[SourceQuality "1"]

1. d4 Nf6 2. Nf3 g6 3. c4 Bg7 4. Nc3 0-0 5. e4 d6 6. Be2 e5 7. dxe5 dxe5 8. Bg5 Nbd7 9. 0-0 c6 10. Qd6 Re8 11. a3 Bf8 12. Qd2 Be7 13. Rfd1 Qc7 14. Qc2 Nf8 15. h3 Nh5 16. Bxe7 Qxe7 17. Qd2 Nf4 18. Qd6 Nd7 19. Qxe7 Rxe7 20. Bf1 Ne6 21. Rd6 f6 22. b4 Nc7 23. Na4 Re6 24. Rd2 Kf8 25. Rad1 Re7 26. b5 Nb6 27. Rd8+ Re8 28. Nc5 Ne6 29. Nxe6+ Bxe6 30. Rxa8 Rxa8 31. bxc6 bxc6 32. Rd6 Bd7 33. c5 Ke7 34. g4 Na4 35. Rd1 Nxc5 36. g5 Nxe4 37. gxf6+ Nxf6 38. Nxe5 c5 39. Rb1 Kd6 40. f4 Bc6 41. Rd1+ Bd5 42. Bg2 Ke6 43. Bf1 Rc8 44. h4 Rc7 45. Bh3+ Kd6 46. Bf1 Nh5 47. Nc4+ Kc6 48. Ne3 Nxf4 49. Nxd5 Nxd5 50. Bg2 Rd7 51. Kf2 c4 52. Rb1 Kc5 53. Rb8 Kd4 54. Rc8 c3 55. Bf1 Rc7 0-1

[Event "Lukavac op 8th"]
[Site "Lukavac"]
[Date "2019.11.25"]
[Round "6"]
[White "Bojo, Leon"]
[Black "Mrndjic, Muamer"]
[Result "1-0"]
[WhiteElo "2119"]
[BlackElo "2224"]
[PlyCount "81"]
[EventDate "2019.11.22"]
[EventType "swiss"]
[EventRounds "7"]
[EventCountry "BIH"]
[SourceTitle "CBM 193 Extra"]
[Source "ChessBase"]
[SourceDate "2020.01.31"]
[SourceVersion "1"]
[SourceVersionDate "2020.01.31"]
[SourceQuality "1"]

1. d4 Nf6 2. Nf3 g6 3. c4 Bg7 4. Nc3 0-0 5. Bg5 c5 6. d5 d6 7. e3 h6 8. Bh4 Qb6 9. Qc1 g5 10. Bg3 Bf5 11. Nd2 Nh5 12. Be2 Nxg3 13. hxg3 Nd7 14. 0-0 Ne5 15. e4 Bg4 16. Bxg4 Nxg4 17. Qc2 a6 18. Rab1 Rab8 19. Qd1 Ne5 20. Qe2 Qa5 21. f4 gxf4 22. gxf4 Ng6 23. g3 b5 24. e5 f5 25. Qh5 Nh8 26. Nf3 b4 27. Nd1 b3 28. a3 dxe5 29. fxe5 Nf7 30. Qg6 Rb6 31. e6 Nd6 32. Ne3 Rf6 33. Qh5 Rb8 34. Rbd1 Rbf8 35. Nh4 Qc7 36. Nhxf5 Nxf5 37. Nxf5 Kh8 38. d6 Qb8 39. dxe7 Rg8 40. Rd8 Rxf5 41. Rxb8 1-0